Click the Idiom Ending - Statistics

General Stats
  • This quiz has been taken 403 times
    385 since last reset
  • The average score is 18 of 20
Answer Stats
Hint Answer % Correct
Mumbo Jumbo
97%
Pitter Patter
96%
Tip Top
96%
Wishy Washy
96%
Dilly Dally
95%
Backseat Driver
95%
Hush Hush
95%
Couch Potato
94%
Fuddy Duddy
93%
Topsy Turvy
92%
Tough Cookie
91%
Heavy Heart
91%
Chasing Rainbows
87%
Midas Touch
87%
Hum Drum
86%
Make Waves
86%
Bon Mot
82%
Tickled Pink
82%
Same Boat
79%
Cold Turkey
76%
No matching quizzes found
Score Distribution
Percent of People with Each Score
Percentile by Number Answered
Your Score History
You have not taken this quiz since the last reset